| 000 | 00969 a2200253 4500 | ||
|---|---|---|---|
| 003 | Nust | ||
| 005 | 20170207154046.0 | ||
| 010 | _a 2001019638 | ||
| 020 | _a0415226090 (hbk. : alk. paper) | ||
| 020 | _a0415226104 (pbk. : alk. paper) | ||
| 040 | _cNust | ||
| 082 | 0 | 0 | _a658.3 |
| 245 | 0 | 0 |
_aUnderstanding human resource development (E-BOOK) _ba research-based approach / _cedited by Jim McGoldrick, Jim Stewart, and Sandra Watson. |
| 260 |
_aLondon ; _aNew York : _bRoutledge, _c2002. |
||
| 300 |
_axx, 407 p. : _bill. ; _ccm. |
||
| 440 | 0 | _aRoutledge studies in human resource development | |
| 500 | _aSimultaneously published in the USA and Canada. | ||
| 650 | 0 |
_aPersonnel management _xResearch. |
|
| 651 | _aUnderstanding human resource development (E-BOOK) | ||
| 700 | 1 |
_aMcGoldrick, Jim, _d1950- |
|
| 700 | 1 |
_aStewart, Jim, _d1952- |
|
| 700 | 1 | _aWatson, Sandra. | |
| 856 | 4 | 2 |
_3Publisher description _uhttp://www.loc.gov/catdir/enhancements/fy0650/2001019638-d.html |
| 942 |
_2ddc _cBK |
||
| 999 |
_c192887 _d192887 |
||